000
00333 a2200157 4500
001
76040
020
_a
9788532429409
040
_c
Anchieta - Colégio São Paulo
100
_a
Falcão, Erica
240
1
0
_a
Leuriaton
_l
por
245
1
0
_a
Leuriaton
300
_a
256
362
0
_a
2018
650
4
_a
Literatura juvenil
942
_c
BK
999
_c
76040
_d
76040